Riconosci l'Anno dagli eventi - Quiz n°30 - Statistics

Statistiche generali
  • Questo quiz è stato fatto 25 volte
  • Il punteggio medio è 7 su 9
Statistiche sulle risposte
Indizio Risposta % Corretto
A Italia - Sorgono i principati di Benevento e Salerno.
100%
C 1º settembre - Amalfi acquista l'autonomia amministrativa.
96%
B Italia - Il principe di Benevento, Sicardo, assalta ed espugna Amalfi
96%
D Italia - Gli Arabi, muovendo dalla Sicilia, danno inizio all'invasione della Puglia.
91%
E Luigi il Pio, re dei Franchi, tenta di dividere il suo regno tra i figli.
91%
G Pannonia (regione transdanubiana) - Nasce il principato di Balaton.
91%
H Ancona è devastata dai saraceni
87%
F Irlanda - Thorgest (in latino Turgesius) è il primo Vichingo a tentare d'instaurare un Regno Irlandese, risalendo lo Shannon e unendo molti territori.
87%
Anno 839
9%
Nessun quiz corrispondente trovato
Distribuzione punteggi
Percentuale di utenti per punteggio
Percentile per numero di risposta
I tuoi punteggi nel tempo
Non hai fatto questo quiz